Amour de lecteur : (notice nᵒ 14056)
[ vue normale ]
| 000 -LEADER | |
|---|---|
| fixed length control field | 02648 a2200313 4500 |
| 001 - CONTROL NUMBER | |
| control field | OB-septentrion-74564 |
| 003 - CONTROL NUMBER IDENTIFIER | |
| control field | FrMaCLE |
| 005 - DATE AND TIME OF LATEST TRANSACTION | |
| control field | 20251214082823.0 |
| 007 - PHYSICAL DESCRIPTION FIXED FIELD--GENERAL INFORMATION | |
| fixed length control field | cu ||||||m|||| |
| 008 - FIXED-LENGTH DATA ELEMENTS--GENERAL INFORMATION | |
| fixed length control field | 201122e||||||||xx |||||s|||||||||0|fr|d |
| 020 ## - INTERNATIONAL STANDARD BOOK NUMBER | |
| International Standard Book Number | 978-2-7574-2664-7 |
| 024 7# - OTHER STANDARD IDENTIFIER | |
| Standard number or code | 10.4000/books.septentrion.74564 |
| Source of number or code | doi |
| 040 ## - CATALOGING SOURCE | |
| Original cataloging agency | FR-FrMaCLE |
| 041 ## - LANGUAGE CODE | |
| Language code of text/sound track or separate title | fra |
| 100 1# - MAIN ENTRY--PERSONAL NAME | |
| Personal name | Farasse, Gérard |
| 245 10 - TITLE STATEMENT | |
| Title | Amour de lecteur : |
| Remainder of title | Desnos, Dhainaut, Jaccottet, Jouanard, Kijno, Ponge, Prévert, Quignard, Richard, Sarraute / |
| Statement of responsibility, etc. | Gérard Farasse. |
| 260 ## - PUBLICATION, DISTRIBUTION, ETC. | |
| Place of publication, distribution, etc. | Villeneuve d’Ascq : |
| Name of publisher, distributor, etc. | Presses universitaires du Septentrion, |
| Date of publication, distribution, etc. | 2020. |
| 300 ## - PHYSICAL DESCRIPTION | |
| Extent | 152 p. |
| 500 ## - GENERAL NOTE | |
| General note | Ebook |
| 520 ## - SUMMARY, ETC. | |
| Summary, etc. | Pour évoquer la richesse infinie des significations d’une œuvre, Borges aime à rappeler Scot Erigène, qui les compare à la magique irisation des plumes du paon. J’aurais souhaité, Amour de lecteur, que ce livre ressemblât à ce plumage quasi fabuleux. Ton œil exercé aurait pu y discerner la cruelle couleur du sang qui coule des plaies de Prévert, le rose de la pierre romaine qui dore les textes de Ponge, le vert de l’herbe qui jamais ne flétrit dans l’œuvre de Jaccottet, le jaune substantiel qui colore les livres de Quignard ou encore l’éclat stellaire d’une peau qui sert de guide à Desnos égaré dans ses nuits, – sans compter toutes les couleurs que Kijno rassemble, et qui, pour la plupart, nous sont inconnues : elles n’existent que sur ses toiles. À cette image trop chatoyante des plumes de l’oiseau de Junon ou de l’écharpe d’iris, je préfère pourtant celle plus prosaïque des diaprures que provoque l’essence répandue dans les flaques des caniveaux, et dont s’émerveille un gamin planté là sur le trottoir. Le voilà de nouveau, cet enfant, dont on me fait remarquer qu’il s’obstine à revenir dans ce livre, de chapitre en chapitre. Je n’avais pas prévu qu’il serait là. Sa présence, je ne me l’explique pas. Sauf à supposer qu’il n’est que l’ombre portée du lecteur incliné sur ces pages, persuadé comme je le suis, que c’est cet enfant qui lit depuis toujours à travers nous, quelque âgé que l’on soit, avec la même émotion, la même fascination qu’il éprouvait à regarder les flaques d’eau grise enluminées. |
| 540 ## - TERMS GOVERNING USE AND REPRODUCTION NOTE | |
| Terms governing use and reproduction | OpenEdition Books License |
| Uniform Resource Identifier | <a href="https://www.openedition.org/12554">https://www.openedition.org/12554</a> |
| 650 #4 - SUBJECT ADDED ENTRY--TOPICAL TERM | |
| Topical term or geographic name entry element | Literature (General) |
| Topical term or geographic name entry element | littérature |
| Topical term or geographic name entry element | lecteur |
| Topical term or geographic name entry element | réception |
| 760 0# - MAIN SERIES ENTRY | |
| International Standard Serial Number | 2780-9099 |
| 776 ## - ADDITIONAL PHYSICAL FORM ENTRY | |
| International Standard Book Number | 978-2-85939-697-8 |
| 856 4# - ELECTRONIC LOCATION AND ACCESS | |
| Data provenance | Farasse, Gérard |
| Uniform Resource Identifier | <a href="https://books.openedition.org/septentrion/74564">https://books.openedition.org/septentrion/74564</a> |
| Link text | Amour de lecteur |
Pas d'exemplaire disponible.
